000 02418nam0a2200433 4500
001 RU\NLR\BIBL_A\012662466
005 20220216101242.0
010 _a978-5-6046672-0-0
_91850
021 _aRU
_bКН-П-21-054556
_9КН-П-21-4278
035 _a(NLR Aleph) 012662466
090 _a12760020
_c12760020
100 _a20211209d2021 u y0rusy50 ca
101 0 _arus
102 _aRU
105 _aacb|f||||||z|
181 0 _ab3
_bxb2e
181 0 _ai1
_baxxe
182 0 _an
200 1 _aКаменск-Уральский
_e100 памятных мест
_eуникальная природа и архитектура, памятники прошлого и настоящего
_eэнциклопедия о городе
_f[АНО "Виртуальный
_gавторы текстов: Ольга Рыбакова, Ксения Пахалуева
_gглавный редактор: Тимофей Четыркин]
203 _aИзображение
_aТекст
_bвизуальные
_cнепосредственные
210 _aКаменск-Уральский
_cДизайн вовремя
_d2021
215 _a191 с., [2] л. цв. ил.
_cил., цв. ил., портр., карт.
_d30
300 _aЗагл. макета и вып. дан.: 100 памятных мест Каменска-Уральского
300 _aЧасть информ. в кн. размещена в электрон. версии, доступ к которой в ссылках QR-кодов
320 _aБиблиогр.: с. 189
320 _aАлф. указ.: с. 190-191
333 _a6+
517 1 _a100 памятных мест Каменска-Уральского
606 1 _aКультурное и природное наследие
_yКаменск-Уральский, город (Свердловская область)
_92503523
_3RU\NLR\AUTH\6601700040
686 1 _aТ3(2Р-4Св-2К)л6
686 1 _aД829(2Р36-4Св-2)
701 1 _aЧетыркин
_bТ.
_gТимофей
_4340
702 1 _aРыбакова
_bО.
_gОльга
_4220
712 0 2 _4570
_a"Виртуальный Каменск", центр информационных, социальных и правовых услуг
_cКаменск-Уральский
_9781458
_3RU\NLR\AUTH\880557189
942 _cBOOK
980 _aNB